| Tag |
First Indicator |
Second Indicator |
Subfields |
| LEADER |
00000cam a2200000 i 4500 |
| 001 |
in00000393113 |
| 005 |
20151011115006.0 |
| 008 |
800808s1960 xx 00010 eng u |
| 020 |
|
|
|a 0891260501
|
| 020 |
|
|
|a 089126051X
|
| 035 |
|
|
|a (OCoLC)06600478
|
| 035 |
|
|
|9 ABS1047AM
|
| 040 |
|
|
|c USU
|d m.c.
|d TXA
|d UtOrBLW
|
| 049 |
|
|
|a TXAM
|c 1
|v [A08652905]
|v 2 [A08652913]
|c 2
|v 1 [A08652921]
|v 2 [A08652939]
|
| 090 |
|
|
|a UG633
|b .A37784 no. 23
|
| 100 |
1 |
|
|a Futrell, Robert Frank.
|
| 245 |
1 |
0 |
|a Development of aeromedical evacuation in the USAF, 1909-1960 /
|c by Robert F. Futrell.
|
| 264 |
|
1 |
|a [Maxwell AFB, Ala.] :
|b USAF Historical Division, Research Studies Institute, Air University ;
|a Manhattan, KS :
|b Military Affairs/Aerospace Historian,
|c 1960.
|
| 300 |
|
|
|a 2 volumes (865 pages) ;
|c 28 cm.
|
| 336 |
|
|
|a text
|b txt
|2 rdacontent
|
| 337 |
|
|
|a unmediated
|b n
|2 rdamedia
|
| 338 |
|
|
|a volume
|b nc
|2 rdacarrier
|
| 490 |
1 |
|
|a USAF historical studies ;
|v no. 23
|
| 610 |
1 |
0 |
|a United States.
|b Air Force
|x Transport of sick and wounded
|x History.
|
| 650 |
|
0 |
|a Emergency medical services
|z United States
|x History.
|
| 830 |
|
0 |
|a USAF historical studies ;
|v no. 23.
|
| 999 |
|
|
|a MARS
|
| 999 |
f |
f |
|s 7e9e0970-a151-30ff-b36c-c9789c1e6324
|i 6ab59139-b9c2-30d8-806c-34e66b0641db
|t 0
|
| 952 |
f |
f |
|p noncirc
|a Texas A&M University
|b College Station
|c Cushing Memorial Library & Archives
|d Cushing: Ragan Military (Does not check out)
|t 0
|e UG983 .F8 1980z
|h Library of Congress classification
|i unmediated -- volume
|
| 998 |
f |
f |
|a UG983 .F8 1980z
|s v.1-2
|t 0
|l Cushing: Ragan Military (Does not check out)
|